[Event "38th ECC Open 2023"]
[Site "Durres ALB"]
[Date "2023.10.02"]
[Round "2.9"]
[Board "6"]
[White "Takacs, Laszlo"]
[Black "Korpa, Bence"]
[Result "0-1"]
[WhiteTitle "FM"]
[BlackTitle "GM"]
[WhiteElo "2221"]
[BlackElo "2522"]
[WhiteTeam "SK Dunajska Streda"]
[BlackTeam "Sentimento Ajka BSK"]
[WhiteFideId "14918854"]
[BlackFideId "706671"]
[EventDate "2023.10.01"]

1. e4 Nf6 2. e5 Nd5 3. d4 d6 4. Nf3 dxe5 5. Nxe5 c6 6. Bc4 Nd7 7. O-O Nxe5 8.
dxe5 Bf5 9. Nd2 e6 10. Nf3 Nb4 11. Qxd8+ Rxd8 12. c3 Nc2 13. Bg5 Nxa1 14. Bxd8
Kxd8 15. Rxa1 Bc5 16. Rd1+ Ke7 17. Kf1 Bb6 18. Nh4 Be4 19. Re1 Bc2 20. Re2 Ba4
21. b3 Bb5 22. Re4 Ba5 23. a4 Bxc4+ 24. Rxc4 Rd8 25. Ke2 Rd5 26. Nf3 Bc7 27. Re4
b5 28. Nd4 bxa4 29. c4 Rxd4 30. Rxd4 Bxe5 31. Re4 axb3 32. Kd2 Kd6 33. f4 Bf6
34. Re3 b2 35. Kc2 Bd4 36. Ra3 f6 37. c5+ Kxc5 38. Rxa7 f5 39. h3 Kd5 40. Re7 c5
41. g3 Ke4 42. Ra7 c4 43. Ra4 Kf3 44. Rxc4 Bf6 0-1

[Event "38th ECC Open 2023"]
[Site "Durres ALB"]
[Date "2023.10.02"]
[Round "2.10"]
[Board "1"]
[White "Baskin, Robert"]
[Black "Dardha, Daniel"]
[Result "1/2-1/2"]
[WhiteTitle "IM"]
[BlackTitle "GM"]
[WhiteElo "2451"]
[BlackElo "2580"]
[WhiteTeam "CE Gambit Bonnevoie"]
[BlackTeam "C' Chartres Echecs"]
[WhiteFideId "24662402"]
[BlackFideId "240990"]
[EventDate "2023.10.01"]

1. e4 c5 2. Nf3 d6 3. d4 cxd4 4. Nxd4 Nf6 5. Nc3 Nc6 6. Bg5 e6 7. Qd3 Qb6 8.
O-O-O Qxd4 9. Qxd4 Nxd4 10. Rxd4 a6 11. Bxf6 gxf6 12. Na4 Bd7 13. Nb6 Rd8 14.
Nxd7 Rxd7 15. Be2 Ke7 16. Rhd1 Bh6+ 17. Kb1 Rc8 18. R4d3 Bg7 19. Rh3 h6 20. Rg3
Kf8 21. f4 Rc5 22. Rgd3 Ke7 23. Rg3 Kf8 24. Rgd3 Ke7 25. Rg3 Kf8 1/2-1/2

[Event "38th ECC Open 2023"]
[Site "Durres ALB"]
[Date "2023.10.02"]
[Round "2.10"]
[Board "2"]
[White "Lagarde, Maxime"]
[Black "Petursson, Margeir"]
[Result "1-0"]
[WhiteTitle "GM"]
[BlackTitle "GM"]
[WhiteElo "2626"]
[BlackElo "2405"]
[WhiteTeam "C' Chartres Echecs"]
[BlackTeam "CE Gambit Bonnevoie"]
[WhiteFideId "662399"]
[BlackFideId "2300028"]
[EventDate "2023.10.01"]

1. e4 c5 2. Nf3 g6 3. d4 cxd4 4. Qxd4 Nf6 5. e5 Nc6 6. Qa4 Nd5 7. Qb3 Nc7 8. Nc3
Bg7 9. Bf4 Ne6 10. Bg3 Ned4 11. Nxd4 Nxd4 12. Qa4 Nf5 13. Bf4 O-O 14. g4 Nh6 15.
h3 d6 16. O-O-O Bd7 17. Bb5 Be6 18. Rhe1 a6 19. Bf1 b5 20. Qb4 a5 21. Qxb5 Rb8
22. Qa6 Rb4 23. Bg3 Qd7 24. Bb5 Qc7 25. a3 Rxb5 26. Qxb5 Bc4 27. exd6 exd6 28.
Bxd6 1-0

[Event "38th ECC Open 2023"]
[Site "Durres ALB"]
[Date "2023.10.02"]
[Round "2.10"]
[Board "3"]
[White "Geske, Julian"]
[Black "Droin, Augustin"]
[Result "1/2-1/2"]
[WhiteTitle "IM"]
[BlackTitle "IM"]
[WhiteElo "2390"]
[BlackElo "2468"]
[WhiteTeam "CE Gambit Bonnevoie"]
[BlackTeam "C' Chartres Echecs"]
[WhiteFideId "24605263"]
[BlackFideId "45105987"]
[EventDate "2023.10.01"]

1. e4 c5 2. Nf3 d6 3. Bb5+ Nd7 4. a4 Nf6 5. Nc3 e5 6. d3 h6 7. Nd2 a6 8. Bc4 g6
9. Nf1 Bg7 10. Ne3 O-O 11. O-O b6 12. Ncd5 Rb8 13. Nxf6+ Nxf6 14. Nd5 b5 15.
axb5 axb5 16. Nxf6+ Qxf6 17. Bd5 Be6 18. Bxe6 Qxe6 19. Be3 Ra8 20. Qd2 Kh7 21.
Ra5 f5 22. f3 b4 23. Rfa1 Rxa5 24. Rxa5 g5 25. Qd1 Rf6 26. c3 bxc3 27. bxc3 fxe4
28. fxe4 g4 29. c4 h5 30. Ra7 Rf8 31. Qa1 h4 32. Ra8 Rxa8 33. Qxa8 g3 34. Qa1
Bh6 35. Qc1 Bxe3+ 36. Qxe3 Qg4 37. hxg3 Qxg3 38. Qxg3 hxg3 39. Kf1 Kg6 40. Ke2
Kg5 41. Kf3 Kh4 42. Ke2 Kg5 43. Kf3 Kh4 1/2-1/2

[Event "38th ECC Open 2023"]
[Site "Durres ALB"]
[Date "2023.10.02"]
[Round "2.10"]
[Board "4"]
[White "Razafindratsima, Timothe"]
[Black "Godart, Francois"]
[Result "1-0"]
[WhiteTitle "IM"]
[BlackTitle "IM"]
[WhiteElo "2459"]
[BlackElo "2375"]
[WhiteTeam "C' Chartres Echecs"]
[BlackTeam "CE Gambit Bonnevoie"]
[WhiteFideId "36069884"]
[BlackFideId "208078"]
[EventDate "2023.10.01"]

1. e4 c5 2. Nf3 d6 3. d4 cxd4 4. Nxd4 Nf6 5. Nc3 g6 6. Be3 Bg7 7. f3 Nc6 8. Qd2
O-O 9. O-O-O d5 10. exd5 Nxd5 11. Nxc6 bxc6 12. Bd4 Bxd4 13. Qxd4 Qb6 14. Na4
Qc7 15. Bc4 Rd8 16. g3 Bf5 17. Qc5 Nb6 18. Bb3 Rd6 19. Nc3 Rc8 20. Rhe1 Nd5 21.
Ne4 Rdd8 22. Rd4 Bxe4 23. fxe4 Nb6 24. Red1 Rxd4 25. Rxd4 e6 26. c3 Nd7 27. Qd6
Ne5 28. Bd1 Qxd6 29. Rxd6 h5 30. Be2 Kg7 31. b4 Kf6 32. a4 Ng4 33. Rd7 Nf2 34.
Rxa7 Nxe4 35. Kc2 h4 36. gxh4 e5 37. a5 Nd6 38. c4 Nf5 39. Kc3 Ke6 40. c5 Ne3
41. Rb7 Nd5+ 42. Kd2 f5 43. a6 e4 44. a7 Ra8 45. b5 cxb5 46. Bxb5 Ne7 47. Ke3
Kf6 48. c6 Ke6 49. Bc4+ Kf6 50. Kf4 1-0

[Event "38th ECC Open 2023"]
[Site "Durres ALB"]
[Date "2023.10.02"]
[Round "2.10"]
[Board "5"]
[White "Dishman, Stephen"]
[Black "Kamsky, Gata"]
[Result "1/2-1/2"]
[WhiteTitle "FM"]
[BlackTitle "GM"]
[WhiteElo "2304"]
[BlackElo "2641"]
[WhiteTeam "CE Gambit Bonnevoie"]
[BlackTeam "C' Chartres Echecs"]
[WhiteFideId "403024"]
[BlackFideId "2000024"]
[EventDate "2023.10.01"]

1. Nf3 c5 2. c4 Nf6 3. b3 g6 4. Bb2 Bg7 5. g3 d6 6. Bg2 Nc6 7. O-O O-O 8. d4
cxd4 9. Nxd4 Bd7 10. Nc3 Qa5 11. e3 Rfc8 12. Rc1 Rab8 13. Qe2 Qh5 14. Qxh5 Nxh5
15. Nd5 Kf8 16. Rfd1 Nxd4 17. Bxd4 Bxd4 18. exd4 e6 19. Ne3 Nf6 20. f4 Bc6 21.
d5 exd5 22. Nxd5 Nxd5 23. Bxd5 Bxd5 24. Rxd5 b5 25. c5 Rb6 26. cxb6 Rxc1+ 27.
Kg2 axb6 28. Rxd6 Rc2+ 29. Kh3 Rxa2 30. Rxb6 Kg7 31. Rxb5 h5 32. Rb7 Rb2 33. b4
Kf6 34. b5 Kg7 35. b6 Kf6 36. Rb8 1/2-1/2

[Event "38th ECC Open 2023"]
[Site "Durres ALB"]
[Date "2023.10.02"]
[Round "2.10"]
[Board "6"]
[White "Guliyev, Namig"]
[Black "Bednarich, Jan"]
[Result "1-0"]
[WhiteTitle "GM"]
[BlackTitle "FM"]
[WhiteElo "2531"]
[BlackElo "2198"]
[WhiteTeam "C' Chartres Echecs"]
[BlackTeam "CE Gambit Bonnevoie"]
[WhiteFideId "13400363"]
[BlackFideId "806730"]
[EventDate "2023.10.01"]

1. e4 c5 2. Nf3 e6 3. d4 cxd4 4. Nxd4 Qb6 5. Nb3 Nc6 6. Be3 Qc7 7. f4 Nf6 8. Nc3
Bb4 9. Bd3 Bxc3+ 10. bxc3 d6 11. Qf3 Bd7 12. O-O e5 13. f5 Ne7 14. c4 Bc6 15. a4
a5 16. Nd2 Rg8 17. Nb1 h5 18. Nc3 Ng4 19. Bd2 g6 20. fxg6 f5 21. h3 Rxg6 22.
hxg4 hxg4 23. Qe2 f4 24. g3 f3 25. Qe3 Kf7 26. Kf2 Rh8 27. Rh1 Qd8 28. c5 Kg7
29. cxd6 Rxd6 30. Qg5+ Ng6 31. Qxd8 Rdxd8 32. Bg5 Rc8 33. Nd5 Kf7 34. c4 Rxh1
35. Rxh1 Rh8 36. Rxh8 Nxh8 37. Bc2 Ke6 38. Bd8 Nf7 39. Bxa5 Ng5 40. Bd2 Bxa4 41.
Bxg5 Bxc2 42. Nf6 b6 43. Ke3 Bb3 44. Nxg4 Bxc4 45. Kxf3 Bb3 46. Nf2 Bc4 47. Bd2
Bb5 48. Be3 1-0

[Event "38th ECC Open 2023"]
[Site "Durres ALB"]
[Date "2023.10.02"]
[Round "2.11"]
[Board "1"]
[White "Macias Pino, Diego"]
[Black "Mikhalevski, Victor"]
[Result "0-1"]
[WhiteTitle "FM"]
[BlackTitle "GM"]
[WhiteElo "2454"]
[BlackElo "2527"]
[WhiteTeam "Paterna Chess Club"]
[BlackTeam "Beer Sheva Chess Club"]
[WhiteFideId "24529133"]
[BlackFideId "2801914"]
[EventDate "2023.10.01"]

1. d4 Nf6 2. c4 e6 3. Nc3 c5 4. d5 exd5 5. cxd5 d6 6. e4 g6 7. Be2 Bg7 8. Be3
O-O 9. Nf3 Bg4 10. Nd2 Bxe2 11. Qxe2 Re8 12. O-O Na6 13. Rab1 Qd7 14. h3 Rab8
15. Qb5 Qxb5 16. Nxb5 Bf8 17. a3 Nxe4 18. Nc4 Rbd8 19. Bf4 Rd7 20. f3 Nf6 21.
Rfd1 h6 22. Rd2 b6 23. Bxd6 Bxd6 24. Ncxd6 Red8 25. Nc4 Nb8 26. Rbd1 a6 27. Nc3
b5 28. Ne3 Kg7 29. a4 Rb7 30. axb5 axb5 31. Ra1 Nbd7 32. Ra5 Rdb8 33. Kf2 c4 34.
Nc2 Nc5 35. Nd4 Nd3+ 36. Kg3 b4 37. Nce2 Re8 38. Nc6 Re3 39. Nf4 Ne4+ 0-1

[Event "38th ECC Open 2023"]
[Site "Durres ALB"]
[Date "2023.10.02"]
[Round "2.11"]
[Board "2"]
[White "Kobo, Ori"]
[Black "Pallardo Lozoya, Jose Vicente"]
[Result "1-0"]
[WhiteTitle "GM"]
[BlackTitle "IM"]
[WhiteElo "2551"]
[BlackElo "2371"]
[WhiteTeam "Beer Sheva Chess Club"]
[BlackTeam "Paterna Chess Club"]
[WhiteFideId "2812320"]
[BlackFideId "2230380"]
[EventDate "2023.10.01"]

1. Nf3 d5 2. g3 Nf6 3. Bg2 c6 4. O-O Bg4 5. d3 Nbd7 6. h3 Bh5 7. Qe1 e6 8. e4 a5
9. Nh4 dxe4 10. dxe4 Bc5 11. Kh1 e5 12. f4 exf4 13. gxf4 O-O 14. Nc3 Re8 15. e5
Bg6 16. Nxg6 hxg6 17. Bf3 g5 18. Qg3 Nh7 19. Ne4 Qe7 20. fxg5 Nxe5 21. Bg2 Ng6
22. Bd2 Bd4 23. Rae1 Be5 24. Qf2 Qd7 25. Be3 f6 26. Rd1 Qc7 27. Qe2 Nh4 28. gxf6
Nxf6 29. Rxf6 Bxf6 30. Nxf6+ gxf6 31. Qc4+ Kg7 32. Qg4+ Ng6 33. Rd7+ Qxd7 34.
Qxd7+ Re7 35. Qd3 Rae8 36. Bc5 Re1+ 37. Kh2 R1e2 38. Qd7+ Kh6 39. Bd6 R8e4 40.
Qd8 Rxc2 41. Qxf6 Kh7 42. Qf7+ Kh6 43. Kg3 Rd4 44. Bf8+ Kg5 45. h4+ Nxh4 46.
Be7+ Kh6 47. Bxh4 Rxg2+ 48. Kxg2 Rxh4 49. Qxb7 Rc4 50. Qb3 Rb4 51. Qe6+ Kg5 52.
Qe5+ Kg4 53. b3 a4 54. Qe6+ Kh5 55. Qf7+ Kg4 56. Qg6+ Kh4 57. Qg3+ Kh5 58. Qe5+
Kg4 59. Qe2+ Kf5 60. Qc2+ Kg4 61. bxa4 c5 62. a5 1-0

[Event "38th ECC Open 2023"]
[Site "Durres ALB"]
[Date "2023.10.02"]
[Round "2.11"]
[Board "3"]
[White "Llobell Cortell, Enrique"]
[Black "Steinberg, Nitzan"]
[Result "0-1"]
[WhiteTitle "IM"]
[BlackTitle "GM"]
[WhiteElo "2367"]
[BlackElo "2543"]
[WhiteTeam "Paterna Chess Club"]
[BlackTeam "Beer Sheva Chess Club"]
[WhiteFideId "2216116"]
[BlackFideId "2801795"]
[EventDate "2023.10.01"]

1. e4 c5 2. Nf3 d6 3. c3 Nf6 4. Be2 g6 5. O-O Bg7 6. Bb5+ Bd7 7. Bxd7+ Qxd7 8.
Qe2 Nc6 9. d4 cxd4 10. cxd4 d5 11. e5 Ne4 12. Nbd2 Nxd2 13. Bxd2 O-O 14. Rfe1
Rfc8 15. Rac1 Nd8 16. b3 a6 17. Qd3 Rxc1 18. Rxc1 Rc8 19. Rxc8 Qxc8 20. h3 f6
21. exf6 exf6 22. Qe3 Ne6 23. Bb4 Kf7 24. Qc3 Qd7 25. Qe3 h5 26. h4 Qc6 27. Qc3
Qxc3 28. Bxc3 g5 29. g3 Kg6 30. Kf1 Kf5 31. Ke2 Kg4 32. Nh2+ Kh3 33. Nf3 g4 34.
Ne1 f5 35. Nd3 Kg2 36. Nb4 f4 37. Nxd5 f3+ 38. Ke1 Kg1 39. Nb4 Nxd4 40. Bd2 Ne2
41. Nd5 Nxg3 42. Ne3 Ne4 43. Nf5 g3 0-1

[Event "38th ECC Open 2023"]
[Site "Durres ALB"]
[Date "2023.10.02"]
[Round "2.11"]
[Board "4"]
[White "Greenfeld, Alon"]
[Black "Vassallo Barroche, Mauricio"]
[Result "1-0"]
[WhiteTitle "GM"]
[BlackTitle "IM"]
[WhiteElo "2455"]
[BlackElo "2363"]
[WhiteTeam "Beer Sheva Chess Club"]
[BlackTeam "Paterna Chess Club"]
[WhiteFideId "2800039"]
[BlackFideId "101648"]
[EventDate "2023.10.01"]

1. d4 Nf6 2. Nf3 e6 3. c4 d5 4. Nc3 Be7 5. Bf4 O-O 6. e3 c5 7. dxc5 Qa5 8. a3
dxc4 9. Bxc4 Qxc5 10. Qe2 a6 11. Bd3 Nc6 12. O-O Bd7 13. Rac1 Qa5 14. e4 e5 15.
Bd2 Bg4 16. Nd5 Qd8 17. Qe3 Bd6 18. Bc4 Rc8 19. h3 Bxf3 20. Qxf3 Nd4 21. Nxf6+
Qxf6 22. Qxf6 gxf6 23. Rc3 b5 24. Bh6 1-0

[Event "38th ECC Open 2023"]
[Site "Durres ALB"]
[Date "2023.10.02"]
[Round "2.11"]
[Board "5"]
[White "Sos Andreu, Eric"]
[Black "Postny, Evgeny"]
[Result "0-1"]
[WhiteTitle "IM"]
[BlackTitle "GM"]
[WhiteElo "2354"]
[BlackElo "2568"]
[WhiteTeam "Paterna Chess Club"]
[BlackTeam "Beer Sheva Chess Club"]
[WhiteFideId "22247017"]
[BlackFideId "2804344"]
[EventDate "2023.10.01"]

1. d4 d5 2. c4 dxc4 3. e4 e5 4. Nf3 Bb4+ 5. Bd2 Bxd2+ 6. Qxd2 exd4 7. Nxd4 Ne7
8. Bxc4 a6 9. a4 Nbc6 10. Nxc6 Qxd2+ 11. Kxd2 Nxc6 12. Nc3 Bd7 13. Ke3 f5 14.
Rhd1 O-O-O 15. f3 Rde8 16. Kf2 Ne5 17. Bd5 Rhf8 18. Kg1 f4 19. b4 g5 20. b5 a5
21. Rac1 g4 22. Bb3 gxf3 23. Nd5 c6 24. Nb6+ Kc7 25. Nxd7 Nxd7 26. gxf3 Ne5 27.
Kf2 Rf6 28. Rc3 Rh6 29. Kg2 Re7 30. Rd2 Rg7+ 31. Kh1 Rhg6 32. Rd1 Rg2 33. Rf1
Rd2 34. Rg1 Rxg1+ 35. Kxg1 Kb6 36. bxc6 bxc6 37. Be6 Rd4 38. Kg2 Rxa4 39. Kh3
Rd4 40. Rb3+ Rb4 41. Rc3 Rb2 42. Kh4 h6 43. h3 a4 44. Kh5 Rd2 45. h4 Rd6 46. Bc4
c5 47. Be2 c4 48. Rc1 Kc5 49. Ra1 Ra6 50. Rd1 a3 0-1

[Event "38th ECC Open 2023"]
[Site "Durres ALB"]
[Date "2023.10.02"]
[Round "2.11"]
[Board "6"]
[White "Huzman, Alexander"]
[Black "Torres Sanchez, Jose"]
[Result "1/2-1/2"]
[WhiteTitle "GM"]
[BlackTitle "FM"]
[WhiteElo "2526"]
[BlackElo "2187"]
[WhiteTeam "Beer Sheva Chess Club"]
[BlackTeam "Paterna Chess Club"]
[WhiteFideId "2803828"]
[BlackFideId "2217210"]
[EventDate "2023.10.01"]

1. d4 Nf6 2. Nf3 d6 3. Nc3 g6 4. e4 Bg7 5. Be3 a6 6. a4 b6 7. h3 Bb7 8. Nd2 O-O
9. Be2 c5 10. d5 e6 11. Nc4 exd5 12. exd5 b5 13. axb5 axb5 14. Rxa8 Bxa8 15.
Nxb5 Nxd5 16. Bc1 Nb6 17. O-O Nxc4 18. Bxc4 d5 19. Be2 Nd7 20. b3 Re8 21. Bf4
Ne5 22. Bxe5 Rxe5 23. Bf3 Qb8 24. Nc3 d4 25. Nb1 Bxf3 26. Qxf3 Qb4 27. Qd3 Bh6
28. g3 Qb8 29. Qf3 Qa7 30. Qd3 Qd7 31. Kg2 Qb7+ 32. Qf3 Qa6 33. c3 Rf5 34. Qe4
Be3 35. cxd4 cxd4 36. Nc3 dxc3 37. Qxe3 Qc6+ 38. Kh2 Rf3 39. Qe2 Qd5 40. Re1 Rf6
41. Qc2 h5 42. h4 Rf3 43. Qe2 Rd3 44. Qe4 Qxe4 45. Rxe4 Rd2 46. Kg2 Rb2 47. b4
c2 48. Rc4 Rxb4 1/2-1/2

[Event "38th ECC Open 2023"]
[Site "Durres ALB"]
[Date "2023.10.02"]
[Round "2.12"]
[Board "1"]
[White "Sanal, Vahap"]
[Black "Thorfinnsson, Bragi"]
[Result "1-0"]
[WhiteTitle "GM"]
[BlackTitle "GM"]
[WhiteElo "2603"]
[BlackElo "2396"]
[WhiteTeam "Gokturk Chess Sport Club"]
[BlackTeam "Viking Chess Club"]
[WhiteFideId "6300545"]
[BlackFideId "2300958"]
[EventDate "2023.10.01"]

1. e4 c5 2. Nf3 d6 3. d4 cxd4 4. Nxd4 Nf6 5. Nc3 Bd7 6. Bg5 e5 7. Ndb5 Bxb5 8.
Bxb5+ Nc6 9. O-O Be7 10. Nd5 a6 11. Bxf6 Bxf6 12. Bc4 O-O 13. c3 Bg5 14. g3 Ne7
15. h4 Bh6 16. Qh5 Nxd5 17. Bxd5 Kh8 18. Bxf7 Qd7 19. Bc4 Qh3 20. Be2 Be3 21.
Qg4 Qxg4 22. Bxg4 Bc5 23. Kg2 a5 24. a4 Rf6 25. h5 Raf8 26. f3 Rb8 27. Rfd1 Kg8
28. Rab1 Kf8 29. b4 axb4 30. cxb4 Bd4 31. Rdc1 b6 32. Rc7 Rf7 33. Rbc1 Rxc7 34.
Rxc7 Re8 35. Bd7 Re7 36. a5 1-0

[Event "38th ECC Open 2023"]
[Site "Durres ALB"]
[Date "2023.10.02"]
[Round "2.12"]
[Board "2"]
[White "Sammalvuo, Tapani"]
[Black "Yilmaz, Mustafa"]
[Result "0-1"]
[WhiteTitle "IM"]
[BlackTitle "GM"]
[WhiteElo "2386"]
[BlackElo "2640"]
[WhiteTeam "Viking Chess Club"]
[BlackTeam "Gokturk Chess Sport Club"]
[WhiteFideId "501115"]
[BlackFideId "6302718"]
[EventDate "2023.10.01"]

1. d4 Nf6 2. c4 e6 3. Nf3 d5 4. Nc3 Bb4 5. Qa4+ Nc6 6. e3 O-O 7. Bd2 Bd6 8. Qc2
Re8 9. a3 a6 10. h3 h6 11. Bd3 dxc4 12. Bxc4 e5 13. O-O Bd7 14. Ba2 Qc8 15. d5
Bxh3 16. dxc6 Bxg2 17. Nd5 Nxd5 18. Nh4 Bxf1 19. Bxd5 Bh3 20. Qg6 Qg4+ 21. Qxg4
Bxg4 22. cxb7 Rab8 23. Bc6 Re7 24. Rc1 Bd7 25. b4 Bxc6 26. Rxc6 Rxb7 27. Rxa6
Re8 28. e4 Rbb8 0-1

[Event "38th ECC Open 2023"]
[Site "Durres ALB"]
[Date "2023.10.02"]
[Round "2.12"]
[Board "3"]
[White "Can, Emre"]
[Black "Thorfinnsson, Bjorn"]
[Result "1-0"]
[WhiteTitle "GM"]
[BlackTitle "IM"]
[WhiteElo "2576"]
[BlackElo "2368"]
[WhiteTeam "Gokturk Chess Sport Club"]
[BlackTeam "Viking Chess Club"]
[WhiteFideId "6302181"]
[BlackFideId "2300982"]
[EventDate "2023.10.01"]

1. d4 Nf6 2. c4 e6 3. Nf3 d5 4. g3 Bb4+ 5. Bd2 a5 6. Bg2 O-O 7. Qc1 c6 8. O-O
Nbd7 9. Bf4 Be7 10. Rd1 b6 11. Ne5 Bb7 12. cxd5 cxd5 13. Nc6 Qe8 14. Nxe7+ Qxe7
15. Nc3 Rfc8 16. Qd2 Ne8 17. f3 Qb4 18. e4 Ndf6 19. Rac1 a4 20. a3 Qa5 21. e5
Nd7 22. Bg5 Rc7 23. f4 Rac8 24. f5 b5 25. fxe6 fxe6 26. Qf2 Nf8 27. Rf1 Ng6 28.
h4 h6 29. h5 Nh8 30. Be7 Rd7 31. Bh3 Nc7 32. Bd6 Re8 33. Ne2 Nf7 34. Nf4 Ng5 35.
Qc2 Qb6 36. Bxc7 Qxd4+ 37. Kh2 Qe3 38. Qd3 d4 39. Qxe3 dxe3 40. Bd6 1-0

[Event "38th ECC Open 2023"]
[Site "Durres ALB"]
[Date "2023.10.02"]
[Round "2.12"]
[Board "4"]
[White "Thorarinsson, Pall A."]
[Black "Gokerkan, Cem Kaan"]
[Result "0-1"]
[WhiteTitle "FM"]
[BlackTitle "GM"]
[WhiteElo "2165"]
[BlackElo "2515"]
[WhiteTeam "Viking Chess Club"]
[BlackTeam "Gokturk Chess Sport Club"]
[WhiteFideId "2300923"]
[BlackFideId "6336760"]
[EventDate "2023.10.01"]

1. Nf3 Nf6 2. c4 g6 3. Nc3 Bg7 4. g3 O-O 5. Bg2 d6 6. O-O Nc6 7. Rb1 a5 8. d3 e5
9. Bg5 h6 10. Bxf6 Bxf6 11. a3 Bg7 12. b4 f5 13. Nd5 Ne7 14. Nd2 axb4 15. axb4
g5 16. c5 Nxd5 17. Bxd5+ Kh7 18. cxd6 Qxd6 19. Bg2 Rd8 20. Nc4 Qe7 21. Qc2 Ra7
22. Rfc1 b6 23. Ne3 Qf7 24. Ra1 Rxa1 25. Rxa1 e4 26. Ra7 exd3 27. exd3 Be5 28.
Ra8 Qf8 29. d4 Bd6 30. Nxf5 Bxf5 31. Rxd8 Bxc2 0-1

[Event "38th ECC Open 2023"]
[Site "Durres ALB"]
[Date "2023.10.02"]
[Round "2.12"]
[Board "5"]
[White "Kilic, Eray"]
[Black "Kjartansson, David"]
[Result "1-0"]
[WhiteTitle "IM"]
[BlackTitle "IM"]
[WhiteElo "2432"]
[BlackElo "2279"]
[WhiteTeam "Gokturk Chess Sport Club"]
[BlackTeam "Viking Chess Club"]
[WhiteFideId "44517173"]
[BlackFideId "2301130"]
[EventDate "2023.10.01"]

1. e4 c5 2. Nf3 Nc6 3. Bb5 g6 4. O-O Bg7 5. Re1 e5 6. b4 cxb4 7. a3 Nge7 8. axb4
O-O 9. Bb2 d6 10. Bxc6 bxc6 11. d4 Qc7 12. dxe5 dxe5 13. Ra5 Bg4 14. h3 Rfd8 15.
Qe2 Bxf3 16. Qxf3 Rab8 17. Qa3 Nc8 18. c4 Qe7 19. c5 Qe6 20. Bc3 Rb7 21. Ra6
Rdd7 22. Qa4 Ne7 23. Na3 Qa2 24. Kf1 Rd3 25. Ra1 Qe6 26. Qc2 Rbd7 27. Rxa7 Rd8
28. Kg1 h5 29. Ra8 Nc8 30. b5 cxb5 31. Ba5 1-0

[Event "38th ECC Open 2023"]
[Site "Durres ALB"]
[Date "2023.10.02"]
[Round "2.12"]
[Board "6"]
[White "Runarsson, Gunnar"]
[Black "Ozen, Deniz"]
[Result "0-1"]
[BlackTitle "IM"]
[WhiteElo "1960"]
[BlackElo "2382"]
[WhiteTeam "Viking Chess Club"]
[BlackTeam "Gokturk Chess Sport Club"]
[WhiteFideId "2301768"]
[BlackFideId "6349196"]
[EventDate "2023.10.01"]

1. d4 d5 2. Nf3 Nf6 3. c4 c6 4. Nc3 dxc4 5. e4 b5 6. e5 Nd5 7. Be2 e6 8. O-O Be7
9. Ne4 h6 10. Bd2 Nd7 11. b3 Ba6 12. bxc4 bxc4 13. Qc2 O-O 14. Bxc4 Bxc4 15.
Qxc4 Rc8 16. Qa4 Rc7 17. Rac1 N7b6 18. Qb3 Qd7 19. Rfd1 Rfc8 20. Nc5 Qe8 21. Na6
Rd7 22. a4 Nc7 23. Nc5 Rd5 24. a5 Bxc5 25. Rxc5 Rxc5 26. dxc5 Nbd5 27. Rb1 Nb5
28. Qd3 Rd8 29. Re1 Ne7 30. Qe4 Qd7 31. Qg4 Nf5 32. Be3 Qd5 33. Qb4 Rd7 34. h3
Rd8 35. a6 Qa2 36. g4 Ne7 37. g5 h5 38. Qh4 g6 39. Qf4 Nf5 40. Qb4 Qxa6 41. Nd2
Nbd4 42. Rf1 Qd3 43. Re1 Nc2 0-1

[Event "38th ECC Open 2023"]
[Site "Durres ALB"]
[Date "2023.10.02"]
[Round "2.13"]
[Board "1"]
[White "Suleymanli, Aydin"]
[Black "Aditya, Mittal"]
[Result "1/2-1/2"]
[WhiteTitle "GM"]
[BlackTitle "GM"]
[WhiteElo "2588"]
[BlackElo "2572"]
[WhiteTeam "Vugar Gashimov"]
[BlackTeam "Gambit Asseco-SEE"]
[WhiteFideId "13413937"]
[BlackFideId "35042025"]
[EventDate "2023.10.01"]

1. e4 e5 2. Nf3 Nf6 3. Nxe5 d6 4. Nf3 Nxe4 5. Nc3 Nxc3 6. dxc3 Be7 7. Be3 Nd7 8.
Qd2 O-O 9. O-O-O Nf6 10. Bd3 Re8 11. Rhe1 Bg4 12. Bg5 Qd7 13. h3 Bf5 14. g4 Bxd3
15. Qxd3 h6 16. Be3 Qa4 17. g5 hxg5 18. Bxg5 Bf8 19. Kb1 Nh7 20. Be3 Qe4 21. Qe2
g6 22. Rd4 Qf5 23. Qd1 Bg7 24. Rf4 Qd7 25. h4 Bh6 26. Rd4 Bg7 27. Rf4 Bh6 28.
Rd4 Bg7 29. Rf4 Bh6 30. Rd4 Bg7 1/2-1/2

[Event "38th ECC Open 2023"]
[Site "Durres ALB"]
[Date "2023.10.02"]
[Round "2.13"]
[Board "2"]
[White "Arnaudov, G. Petar"]
[Black "Asadli, Vugar"]
[Result "0-1"]
[WhiteTitle "GM"]
[BlackTitle "GM"]
[WhiteElo "2428"]
[BlackElo "2563"]
[WhiteTeam "Gambit Asseco-SEE"]
[BlackTeam "Vugar Gashimov"]
[WhiteFideId "2907127"]
[BlackFideId "13405764"]
[EventDate "2023.10.01"]

1. Nf3 Nf6 2. c4 g6 3. Nc3 Bg7 4. d4 O-O 5. e4 d6 6. h3 e5 7. dxe5 dxe5 8. Qxd8
Rxd8 9. Bg5 Na6 10. Nd5 Rd6 11. Bxf6 Bxf6 12. Rc1 b6 13. b4 Bd8 14. a3 c6 15.
Ne3 f6 16. Be2 Nc7 17. c5 bxc5 18. bxc5 Rd7 19. O-O Be7 20. Nc4 Ba6 21. Rfe1
Bxc4 22. Bxc4+ Kf8 23. g4 a5 24. g5 Kg7 25. Rc3 Rb8 26. gxf6+ Bxf6 27. Ree3 Nb5
28. Rcd3 Rxd3 29. Rxd3 Nd4 30. Kg2 Rb2 31. Rd2 Rxd2 32. Nxd2 Be7 33. Nb3 Nxb3
34. Bxb3 Bxc5 35. a4 Kf6 36. Bc4 Bd4 37. Ba6 Kg5 38. Kg3 Bc3 39. Bb7 c5 40. Bd5
Bd2 41. Bc4 Bf4+ 42. Kf3 Kh4 43. Kg2 Bd2 44. Be6 Bc3 45. Kf3 Bd4 46. Kg2 h5 47.
Bf7 g5 48. Be6 Bxf2 49. Kxf2 c4 50. Ke3 c3 51. Kd3 g4 52. hxg4 hxg4 53. Bxg4
Kxg4 54. Kxc3 Kf3 55. Kd3 Kf4 0-1